000 00855cam a2200229 a 4500
999 _c787
_d787
001 (Sirsi) a800269
003 OSt
005 20191209161651.0
008 131007r20122011nyu e 000 1 eng d
020 _a9781476712048 (pbk.)
040 _aNjBwBT
_cNjBwBT
_dTAE
042 _anbic
082 _aFIC MCG
100 1 _aMcGuire, Jamie.
_eauthor
245 1 0 _aBeautiful disaster :
_ba novel /
_cJamie McGuire.
260 _aNew York :
_bAtria Books,
_c[2012]
300 _a418 p. ;
_c24 cm.
500 _aOriginally published: New York : Atria Paperback, c2011.
520 _aTravis Maddox, Eastern University's playboy, makes a bet with good girl Abby that if he loses, he will remain abstinent for a month, but if he wins, Abby must live in his apartment for the same amount of time.
650 0 _aMan-woman relationships
_vFiction.
942 _2ddc
_cFIC